000 00492nam a2200193Ia 4500
001 65693
008 221227n ii |||gr||||Z||||||asm
020 _a8176653217
082 _a891.41
100 _aBorgohain, Homen.
245 0 _aKam Karar Ananda
_cBy Homen Borgohain
_hTextual Documents
250 _a9th edn.
260 _aGuwahati
_bStudent`s Stores
300 _a88pg:
_c23cm.
653 _aAssamese
653 _aKam Karar Ananda
653 _aG-H B Collection
942 _2ddc
_cBK
999 _c66786
_d66786